00456nam a2200145 a 450000100100000000500170001000800410002704000250006808200080009310000280010124500890012926000400021830000320025870000200029000003979220201002033734.0130722s1970 xxua 000 0 spa d aDO-SdBNPbspacBNPHU axxx1 aEnggass, Robert,d1921- 0aItaly and spain 1600-1750 :bsurces and documents /cRobert Enggass, Jonathan Brown. aNew Jersey :bPrentice-Hall,c1970. axi, 239 p. :bil. ;c23 cm.1 aBrown, Jonathan